Ekologické fóliové materiály s vysokou hodnotou prieťažnosti

Enregistré dans:
Détails bibliographiques
Auteur principal: Vanek, Andrej (Auteur)
Autres auteurs: Alexy, Pavel (Directeur de thèse)
Format: Manuscrit Livre
Langue:slovaque
Publié: 2021
Sujets:
Accès en ligne:http://is.stuba.sk/zp/portal_zp.pl?podrobnosti=157712
Tags: Ajouter un tag
Pas de tags, Soyez le premier à ajouter un tag!

MARC

LEADER 00000ntm a22000003a 4500
001 stuzp84610
003 SK-STU
005 20210605210732.2
007 ta
008 150427s2015----xo-----f-mn---000-0-slo-d
040 |a STU  |b slo 
041 0 |a slo 
100 1 |a Vanek, Andrej  |u 049370  |4 aut  |U FCHPT Ústav prírodných a syntetických polymérov  |T FCHPT Oddelenie plastov, kaučuku a vlákien  |X 86761  |U C9370  |Y 128  |7 86761 
242 0 1 |a Ecological Plastic Films with High Elongation Value  |y eng 
245 1 0 |a Ekologické fóliové materiály s vysokou hodnotou prieťažnosti 
260 |c 2021 
650 4 |a zmäkčovadlo  |2 slo 
650 4 |a strečové fólie  |2 slo 
650 4 |a biodegradovateľná polymérna zmes  |2 slo 
650 4 |a kyselina polymliečna  |2 slo 
650 4 |a polyhydroxybutyrát  |2 slo 
650 4 |a plasticizer  |2 eng 
650 4 |a biodegradable polymer blend  |2 eng 
650 4 |a polylactic acid  |2 eng 
650 4 |a polyhydroxybutyrate  |2 eng 
650 4 |a stretch films  |2 eng 
700 1 |a Alexy, Pavel  |u 049370  |k Z1  |4 ths  |U FCHPT Ústav prírodných a syntetických polymérov  |T FCHPT Oddelenie plastov, kaučuku a vlákien  |X 3899  |U C9370  |Y 128  |7 A000003899 
856 4 |u http://is.stuba.sk/zp/portal_zp.pl?podrobnosti=157712